Battles of songs : Udje tradition of the Urhobo /

Bibliographic Details
Main Author: Darah, G. G.
Format: Book
Language:English
Niger-Kordofanian (Other)
Language Notes:In English with text in Urhobo.
Published: Lagos : Malthouse Press Limited, 2005.
Subjects:

MARC

Tag First Indicator Second Indicator Subfields
LEADER 00000cam a22000004a 4500
001 in00002181069
005 20151104055259.0
008 050902s2005 nr ab b 001 0 eng
010 |a  2005447442 
020 |a 9780231587 
029 1 |a NLGGC  |b 287801411 
035 |a (OCoLC)ocm63658904 
040 |a DLC  |c DLC  |d BAKER  |d UtOrBLW 
041 0 |a eng  |a nic 
042 |a pcc 
043 |a f-nr--- 
049 |a TXAM 
050 0 0 |a PL8757.5  |b .D37 2005 
082 0 0 |a 782.42162/9633  |2 22 
100 1 |a Darah, G. G. 
245 1 0 |a Battles of songs :  |b Udje tradition of the Urhobo /  |c Gabriel G. Darah. 
246 3 |a Udje tradition of the Urhobo 
264 1 |a Lagos :  |b Malthouse Press Limited,  |c 2005. 
300 |a xvi, 241 pages :  |b color illustrations, maps ;  |c 23 cm. 
336 |a text  |b txt  |2 rdacontent 
337 |a unmediated  |b n  |2 rdamedia 
338 |a volume  |b nc  |2 rdacarrier 
546 |a In English with text in Urhobo. 
504 |a Includes bibliographical references (pages [236]-238) and index. 
650 0 |a Folk songs, Urhobo  |x History and criticism. 
650 0 |a Folk songs, Urhobo  |v Texts. 
938 |a Baker & Taylor  |b BKTY  |c 24.95  |d 18.71  |i 9780231587  |n 0006790602  |s active 
945 |i PromptCat 
947 |a A14834139074 
948 |a cataloged  |b h  |c 2006/7/7  |d c  |e achopde  |f 12:19:49 pm 
994 |a 92  |b TXA 
999 |a MARS 
999 f f |s 9b4380f7-b9e5-327b-877c-8ea5b94e543f  |i 0ac1158e-5660-36bf-a2fe-e425fe5badb0  |t 0 
952 f f |p noncirc  |a Texas A&M University  |b College Station  |c Cushing Memorial Library & Archives  |d Cushing: Area Studies/Africana (Does not check out)  |t 0  |e PL8757.5 .D37 2005  |h Library of Congress classification  |i unmediated -- volume 
998 f f |a PL8757.5 .D37 2005  |t 0  |l Cushing: Area Studies/Africana (Does not check out)